| 000 | 00371nam a2200145Ia 4500 | ||
|---|---|---|---|
| 008 | 230718s9999 xx 000 0 und d | ||
| 041 | _aeng | ||
| 082 |
_a153.3 _bRAH |
||
| 100 |
_aRahimi A. _9164658 |
||
| 245 | _aThousand Rooms Of Dream And Fear | ||
| 260 | _bVintage | ||
| 365 |
_cRs. _b353.00 |
||
| 700 |
_aRahimi A. _9164658 |
||
| 906 |
_dB:224518-Oct-2007 _cOTH _b70.6 |
||
| 999 |
_c317840 _d317840 |
||